<?xml version="1.0" encoding="UTF-8"?>
<record
    xmlns:xsi="http://www.w3.org/2001/XMLSchema-instance"
    xsi:schemaLocation="http://www.loc.gov/MARC21/slim http://www.loc.gov/standards/marcxml/schema/MARC21slim.xsd"
    xmlns="http://www.loc.gov/MARC21/slim">

  <leader>00766nam a22001697a 4500</leader>
  <datafield tag="999" ind1=" " ind2=" ">
    <subfield code="c">7933</subfield>
    <subfield code="d">7933</subfield>
  </datafield>
  <controlfield tag="005">20240910140156.0</controlfield>
  <controlfield tag="008">230717b           ||||| |||| 00| 0 eng d</controlfield>
  <datafield tag="040" ind1=" " ind2=" ">
    <subfield code="a">CDMR</subfield>
  </datafield>
  <datafield tag="110" ind1=" " ind2=" ">
    <subfield code="9">4968</subfield>
    <subfield code="a">Consell de l'Audiovisual de la Comunitat Valenciana</subfield>
  </datafield>
  <datafield tag="245" ind1=" " ind2=" ">
    <subfield code="a">Recomanacions per al tractament del su&#xEF;cidi en els mitjans de comunicaci&#xF3; [Recurs electr&#xF2;nic] </subfield>
    <subfield code="c">/ Consell de l'Audiovisual de la Comunitat Valenciana</subfield>
  </datafield>
  <datafield tag="260" ind1=" " ind2=" ">
    <subfield code="a">Castell&#xF3; de la Plana : </subfield>
    <subfield code="b">CACV, </subfield>
    <subfield code="c">[2022]</subfield>
  </datafield>
  <datafield tag="300" ind1=" " ind2=" ">
    <subfield code="a">1 recurs electr&#xF2;nic (21 p&#xE0;gines)</subfield>
  </datafield>
  <datafield tag="650" ind1=" " ind2="0">
    <subfield code="9">983</subfield>
    <subfield code="a">&#xC8;tica period&#xED;stica</subfield>
    <subfield code="z">Pa&#xED;s Valenci&#xE0;</subfield>
  </datafield>
  <datafield tag="650" ind1=" " ind2="0">
    <subfield code="9">4965</subfield>
    <subfield code="a">Su&#xEF;cidi</subfield>
  </datafield>
  <datafield tag="856" ind1=" " ind2=" ">
    <subfield code="u">https://cdacv.es/wp-content/uploads/2023/10/Tractament-del-suicidi-en-els-mitjans-de-comunicacio-val.pdf</subfield>
    <subfield code="z">Acc&#xE9;s en l&#xED;nia</subfield>
  </datafield>
  <datafield tag="942" ind1=" " ind2=" ">
    <subfield code="2">udc</subfield>
    <subfield code="c">LLIBRE-E</subfield>
  </datafield>
  <datafield tag="952" ind1=" " ind2=" ">
    <subfield code="0">0</subfield>
    <subfield code="1">0</subfield>
    <subfield code="2">udc</subfield>
    <subfield code="4">0</subfield>
    <subfield code="7">0</subfield>
    <subfield code="a">CDMR</subfield>
    <subfield code="b">CDMR</subfield>
    <subfield code="d">2024-09-10</subfield>
    <subfield code="l">0</subfield>
    <subfield code="o">Disponible en l&#xED;nia</subfield>
    <subfield code="r">2024-09-10</subfield>
    <subfield code="w">2024-09-10</subfield>
    <subfield code="y">RECURS_WEB</subfield>
  </datafield>
</record>
